000 00295nam a22001337a 4500
003 SGT
082 _a617.75
_bC14B
100 _aBHOOTRA, AJAY KUMAR
245 _aCONTACT LENS FITTING GUIDE
250 _a1ST
260 _aINDIA
_bJAYPEE
_c2014
650 _aOPHTHALMOLOGY
942 _2ddc
_cBK
_010
999 _c10233
_d10233